00522nam a22001577a 450000500170000001000150001702000110003203500140004303700130005708200120007024500600008226000800014227000940022230000230031670000250033920171212121303.0 aENG-121845 c200.00 aEN-105377 bDBAD/PUB a551.483 aRivers of bengal / ccompilation by Kumud Ranjan Biswas aKolkatabWest Bengal District Gazetteers(Higher Education Department)c2002 aGovt of West Bengal, Bikash Bhavan, North Block,8th Floor Salt Lake CitybKolkatae700091 axl,294p.c21cm(Hb) aBiswas, Kumud Ranjan